Seattle Mariners Players by Position - Statistics

General Stats
  • This quiz has been taken 24 times
  • The average score is 12 of 14
Answer Stats
Question Answer % Correct
Ty France 1B
100%
Cal Raleigh C
100%
Tom Murphy C
100%
Julio Rodriguez CF
100%
Dylan Moore Plays every position except C and P
100%
Andres Munoz RP
100%
Matt Festa RP
100%
Luis Castillo SP
100%
J.P. Crawford SS
100%
Kolten Wong 2B
75%
Cooper Hummel B and C
75%
A.J. Pollock LF
75%
Tommy La Stella all of the above
50%
Teoscar Hernandez RF
50%
No matching quizzes found
Score Distribution
Percent of People with Each Score
Percentile by Number Answered
Your Score History
You have not taken this quiz